00330nam a2200121Ia 4500008004100000020001800041041000800059082002100067100003600088245003200124260004200156300001000198230519s9999 xx 000 0 und d a0-8036-1913-8 aeng a615.1/DEG/DB0537 aDeglin Judith & Vallerand April aDavis Drug Guide for Nurses bF A Davis CompanyaPhiladelphiac2007 a1428p